| 000 | 00606nam a2200205Ia 4500 | ||
|---|---|---|---|
| 003 | GCL | ||
| 008 | 140319s9999 xx 000 0 ara d | ||
| 040 |
_aGCL / _cGCL |
||
| 082 | 0 | 4 |
_a658.5 _bع م |
| 100 | 1 | _aعادل حسن | |
| 245 | 1 | 0 |
_aمشاكل الانتاج الصناعى / _cعادل حسن |
| 260 |
_aبيروت : _bدار النهضة العربية ، _c1986 |
||
| 300 |
_a660 ص ؛ _c24 سم |
||
| 490 | _a | ||
| 650 | 0 | 4 | _aادارة الاعمال |
| 650 | 0 | 4 | _aالادارة |
| 650 | 0 | 4 | _aادارة الانتاج |
| 650 | 0 | 4 | _aالادارة الصناعية |
| 942 |
_2ddc _cBK |
||
| 999 |
_c44323 _d44323 |
||